The Overlook illustrated dictionary of nautical terms /

Bibliographic Details
Main Author: Blackburn, Graham, 1940-
Format: Book
Language:English
Published: Woodstock, N.Y. : Overlook Press, 1981.
Subjects:

MARC

Tag First Indicator Second Indicator Subfields
LEADER 00000cam a22000008a 4500
001 in00000079797
005 20151008054014.0
008 801124s1981 nyua d 00010 engm
010 |a  80039640  
020 |a 0879511249 :  |c $25.00 
035 |a (OCoLC)07168608 
035 |9 AAH9332AM 
040 |a DLC  |c DLC  |d m.c.  |d TXA  |d UtOrBLW 
049 |a TXAF  |c [1195989] 
050 0 0 |a V23  |b .B58 
082 0 |a 623.8/03/21  |2 19 
100 1 |a Blackburn, Graham,  |d 1940- 
245 1 4 |a The Overlook illustrated dictionary of nautical terms /  |c Graham Blackburn. 
263 |a 8104 
264 1 |a Woodstock, N.Y. :  |b Overlook Press,  |c 1981. 
300 |a 349 pages :  |b illustrations ;  |c 24 cm. 
336 |a text  |b txt  |2 rdacontent 
337 |a unmediated  |b n  |2 rdamedia 
338 |a volume  |b nc  |2 rdacarrier 
650 0 |a Naval art and science  |v Dictionaries. 
999 |a MARS 
999 f f |s 69814df2-f421-392d-b9cd-ebe2273539d6  |i 4c615254-c762-3335-be11-c50b22ec86be  |t 0 
952 f f |p ric  |a Texas A&M University  |b Rellis Campus  |c Joint Library Facility  |d Remote Storage  |t 0  |e V23 .B58  |h Library of Congress classification  |i unmediated -- volume  |m A14806064075 
998 f f |a V23 .B58  |t 0  |l Remote Storage